[Event "Bundesliga 0102"]
[Site "Deutschland"]
[Date "2002.04.14"]
[Round "13.1"]
[White "Beliavsky, Alexander G"]
[Black "Van Mil, Johannes A J"]
[Result "1-0"]
[WhiteElo "2659"]
[BlackElo "2416"]
[PlyCount "123"]
[EventDate "2001.10.06"]
[EventType "team"]
[EventRounds "15"]
[EventCountry "GER"]
[SourceTitle "Bundesliga 0102"]
[Source "DeepChess"]
[SourceDate "2005.01.01"]
[SourceVersion "1"]
[SourceVersionDate "2005.01.01"]
[SourceQuality "1"]
[WhiteTeam "SK Koenig Plauen"]
[BlackTeam "SGEM Heiligenhaus 1937 e. V."]
[WhiteTeamCountry "GER"]
[BlackTeamCountry "GER"]

1. d4 g6 2. e4 Bg7 3. Nc3 c6 4. Nf3 d5 5. h3 Nh6 6. Bd3 f6 7. Bxh6 Bxh6 8. Qe2
e6 9. O-O O-O 10. Nd1 Nd7 11. Re1 Bg7 12. Ne3 Kh8 13. c4 dxe4 14. Bxe4 f5 15.
Bc2 c5 16. Rad1 Qf6 17. b4 cxd4 18. Nxd4 a5 19. a3 axb4 20. axb4 Ra2 21. c5 Ne5
22. b5 Qe7 23. Nc4 Nf7 24. Nb3 e5 25. Ra1 Rxa1 26. Rxa1 Be6 27. Ra7 Bd5 28.
Nca5 Qg5 29. Qf1 Rb8 30. c6 bxc6 31. Nxc6 Re8 32. Rd7 Be6 33. Rd1 e4 34. Nc5
Bc8 35. b6 e3 36. fxe3 Rxe3 37. b7 Bxb7 38. Nxb7 Rxh3 39. Re1 Bc3 40. Re8+ Kg7
41. Nc5 Kh6 42. Bxf5 gxf5 43. Re6+ Kg7 44. Re2 Qg4 45. Ne6+ Kh8 46. Ra2 h5 47.
Ra8+ Kh7 48. Ra7 Re3 49. Rxf7+ Kg6 50. Re7 Kf6 51. Nf4 Rxe7 52. Nd5+ Kg7 53.
Ndxe7 Bd4+ 54. Nxd4 Qxd4+ 55. Qf2 Qd1+ 56. Kh2 Qd6+ 57. Qg3+ Qxg3+ 58. Kxg3 Kf6
59. Nd5+ Kg5 60. Nf4 h4+ 61. Kf3 Kf6 62. Nh3 1-0

[Event "Bundesliga 0102"]
[Site "Deutschland"]
[Date "2002.04.14"]
[Round "13.2"]
[White "Dutreeuw, Marc"]
[Black "Bischoff, Klaus"]
[Result "0-1"]
[WhiteElo "2390"]
[BlackElo "2541"]
[PlyCount "80"]
[EventDate "2001.10.06"]
[EventType "team"]
[EventRounds "15"]
[EventCountry "GER"]
[SourceTitle "Bundesliga 0102"]
[Source "DeepChess"]
[SourceDate "2005.01.01"]
[SourceVersion "1"]
[SourceVersionDate "2005.01.01"]
[SourceQuality "1"]
[WhiteTeam "SGEM Heiligenhaus 1937 e. V."]
[BlackTeam "SK Koenig Plauen"]
[WhiteTeamCountry "GER"]
[BlackTeamCountry "GER"]

1. e4 c5 2. Nf3 d6 3. d4 cxd4 4. Nxd4 Nf6 5. Nc3 a6 6. Be3 e5 7. Nde2 Be6 8.
Ng3 Nbd7 9. Be2 Rc8 10. Qd2 h5 11. f3 g6 12. O-O-O Qa5 13. Nf1 Rxc3 14. Qxc3
Qxc3 15. bxc3 d5 16. Kb2 dxe4 17. fxe4 Nxe4 18. Nd2 Nd6 19. Rhe1 Be7 20. Nb3 f5
21. Nc5 Nxc5 22. Bxc5 Nf7 23. Bb4 e4 24. Rd4 Ne5 25. Red1 Nc6 26. Bxe7 Kxe7 27.
Rd6 Rc8 28. R6d2 Ne5 29. Rd4 Nd7 30. Rb1 Nc5 31. Kc1 Rc7 32. Rb6 Nd7 33. Rb2
Ne5 34. Kd2 Nc6 35. Ra4 Kd6 36. c4 Kc5 37. Kc3 Rd7 38. Rb1 g5 39. Rd1 Rxd1 40.
Bxd1 a5 0-1

[Event "Bundesliga 0102"]
[Site "Deutschland"]
[Date "2002.04.14"]
[Round "13.3"]
[White "Markowski, Tomasz"]
[Black "Berkvens, Joost"]
[Result "1/2-1/2"]
[WhiteElo "2548"]
[BlackElo "2444"]
[PlyCount "73"]
[EventDate "2001.10.06"]
[EventType "team"]
[EventRounds "15"]
[EventCountry "GER"]
[SourceTitle "Bundesliga 0102"]
[Source "DeepChess"]
[SourceDate "2005.01.01"]
[SourceVersion "1"]
[SourceVersionDate "2005.01.01"]
[SourceQuality "1"]
[WhiteTeam "SK Koenig Plauen"]
[BlackTeam "SGEM Heiligenhaus 1937 e. V."]
[WhiteTeamCountry "GER"]
[BlackTeamCountry "GER"]

1. g3 Nf6 2. Bg2 e5 3. c4 c6 4. Nc3 d5 5. d4 exd4 6. Qxd4 Be6 7. cxd5 cxd5 8.
Bg5 Nc6 9. Qa4 Bb4 10. e3 h6 11. Bxf6 Qxf6 12. Nge2 O-O 13. O-O Rad8 14. Rad1
Bxc3 15. Nxc3 d4 16. exd4 Nxd4 17. Qxa7 Nf3+ 18. Bxf3 Qxf3 19. Qe3 Bg4 20. Rxd8
Rxd8 21. Re1 g5 22. a4 Qxe3 23. Rxe3 Bh3 24. f3 Rd4 25. Re4 Rd2 26. Re2 Rd4 27.
Kf2 Bd7 28. Ke3 Rb4 29. a5 Bc6 30. Rd2 Kg7 31. f4 gxf4+ 32. gxf4 h5 33. h4 Kh7
34. Rd6 Rxb2 35. a6 Rb3 36. Kd4 Kg7 37. axb7 1/2-1/2

[Event "Bundesliga 0102"]
[Site "Deutschland"]
[Date "2002.04.14"]
[Round "13.4"]
[White "Schmitz, Andreas Arnold"]
[Black "Boensch, Uwe"]
[Result "0-1"]
[WhiteElo "2185"]
[BlackElo "2542"]
[PlyCount "82"]
[EventDate "2001.10.06"]
[EventType "team"]
[EventRounds "15"]
[EventCountry "GER"]
[SourceTitle "Bundesliga 0102"]
[Source "DeepChess"]
[SourceDate "2005.01.01"]
[SourceVersion "1"]
[SourceVersionDate "2005.01.01"]
[SourceQuality "1"]
[WhiteTeam "SGEM Heiligenhaus 1937 e. V."]
[BlackTeam "SK Koenig Plauen"]
[WhiteTeamCountry "GER"]
[BlackTeamCountry "GER"]

1. e4 c5 2. c3 d5 3. exd5 Qxd5 4. d4 Nf6 5. Nf3 Bg4 6. Be2 e6 7. Na3 Nc6 8. O-O
cxd4 9. Nb5 Rc8 10. Nbxd4 Nxd4 11. Nxd4 Bxe2 12. Qxe2 a6 13. Bf4 Be7 14. Rfd1
Qh5 15. Qe5 O-O 16. Nf3 Qxe5 17. Bxe5 Nd5 18. a4 Rfd8 19. Rd3 f6 20. Bg3 Nb6
21. Rxd8+ Bxd8 22. Nd2 Be7 23. Kf1 Kf7 24. Ke2 g5 25. f3 h5 26. Bf2 Nd5 27. g3
g4 28. Rc1 f5 29. c4 Bf6 30. Rb1 Nb4 31. c5 e5 32. Nc4 Ke6 33. fxg4 hxg4 34.
Rd1 Be7 35. b3 e4 36. Nd6 Rh8 37. Bg1 Nd5 38. Rxd5 Kxd5 39. Nxf5 Bxc5 40. Bxc5
Kxc5 41. Nh4 Kd4 0-1

[Event "Bundesliga 0102"]
[Site "Deutschland"]
[Date "2002.04.14"]
[Round "13.5"]
[White "Kindermann, Stefan"]
[Black "Lindner, Arnd"]
[Result "1-0"]
[WhiteElo "2520"]
[BlackElo "2120"]
[PlyCount "57"]
[EventDate "2001.10.06"]
[EventType "team"]
[EventRounds "15"]
[EventCountry "GER"]
[SourceTitle "Bundesliga 0102"]
[Source "DeepChess"]
[SourceDate "2005.01.01"]
[SourceVersion "1"]
[SourceVersionDate "2005.01.01"]
[SourceQuality "1"]
[WhiteTeam "SK Koenig Plauen"]
[BlackTeam "SGEM Heiligenhaus 1937 e. V."]
[WhiteTeamCountry "GER"]
[BlackTeamCountry "GER"]

1. e4 c5 2. Nf3 Nc6 3. Bb5 g6 4. Bxc6 dxc6 5. d3 Bg7 6. h3 e5 7. Be3 b6 8. Nc3
f6 9. Qd2 Be6 10. a3 Qc7 11. b4 cxb4 12. axb4 Ne7 13. O-O O-O 14. Bh6 c5 15.
Bxg7 Kxg7 16. b5 Rfd8 17. Qe3 Qb7 18. Nd2 a5 19. bxa6 Rxa6 20. Rxa6 Qxa6 21. f4
Nc6 22. Qf2 Rf8 23. Nd5 exf4 24. Nxf4 Nd8 25. Qg3 Kh8 26. Nxe6 Nxe6 27. Qd6 Qc8
28. Nc4 Kg7 29. Nxb6 1-0

[Event "Bundesliga 0102"]
[Site "Deutschland"]
[Date "2002.04.14"]
[Round "13.6"]
[White "Heller, Achim"]
[Black "Espig, Lutz"]
[Result "0-1"]
[WhiteElo "2027"]
[BlackElo "2421"]
[PlyCount "82"]
[EventDate "2001.10.06"]
[EventType "team"]
[EventRounds "15"]
[EventCountry "GER"]
[SourceTitle "Bundesliga 0102"]
[Source "DeepChess"]
[SourceDate "2005.01.01"]
[SourceVersion "1"]
[SourceVersionDate "2005.01.01"]
[SourceQuality "1"]
[WhiteTeam "SGEM Heiligenhaus 1937 e. V."]
[BlackTeam "SK Koenig Plauen"]
[WhiteTeamCountry "GER"]
[BlackTeamCountry "GER"]

1. d4 Nf6 2. c4 d6 3. Nc3 Nbd7 4. f4 e5 5. fxe5 dxe5 6. Bg5 exd4 7. Qxd4 h6 8.
Bxf6 Qxf6 9. Nf3 Bb4 10. Qe3+ Qe7 11. Qxe7+ Kxe7 12. Rc1 c6 13. a3 Bd6 14. e3
Ne5 15. Ne4 Bc7 16. Be2 Re8 17. Nxe5 Bxe5 18. Rc2 Bf5 19. Bf3 Kf8 20. g4 Bg6
21. O-O Bxe4 22. Bxe4 Bxh2+ 23. Rxh2 Rxe4 24. Rf4 Rxe3 25. Rd2 Rae8 26. Rd7
R3e7 27. Rfd4 f6 28. b4 Kf7 29. Kf2 Rxd7 30. Rxd7+ Re7 31. Rd8 Kg6 32. Kf3 f5
33. gxf5+ Kxf5 34. b5 cxb5 35. cxb5 g5 36. a4 g4+ 37. Kg3 Re3+ 38. Kf2 Ra3 39.
Rd7 Rxa4 40. Rf7+ Kg5 41. Rxb7 h5 0-1

[Event "Bundesliga 0102"]
[Site "Deutschland"]
[Date "2002.04.14"]
[Round "13.7"]
[White "Schaller, Sven"]
[Black "Perschke, Ulrich"]
[Result "0-1"]
[WhiteElo "2301"]
[BlackElo "2216"]
[PlyCount "72"]
[EventDate "2001.10.06"]
[EventType "team"]
[EventRounds "15"]
[EventCountry "GER"]
[SourceTitle "Bundesliga 0102"]
[Source "DeepChess"]
[SourceDate "2005.01.01"]
[SourceVersion "1"]
[SourceVersionDate "2005.01.01"]
[SourceQuality "1"]
[WhiteTeam "SK Koenig Plauen"]
[BlackTeam "SGEM Heiligenhaus 1937 e. V."]
[WhiteTeamCountry "GER"]
[BlackTeamCountry "GER"]

1. b3 Nf6 2. Bb2 c5 3. e3 Nc6 4. Nf3 d5 5. Bb5 Bd7 6. O-O a6 7. Be2 g6 8. Nc3
e6 9. d4 cxd4 10. exd4 Bg7 11. Na4 Ne4 12. c4 O-O 13. c5 Rb8 14. Rb1 Nb4 15.
Nb6 Be8 16. a3 Nc6 17. b4 g5 18. Ne5 f5 19. Bd3 g4 20. Qe2 Rf6 21. Rbd1 Nxe5
22. dxe5 Rh6 23. Qe3 Qh4 24. Qf4 Rg6 25. Bxe4 fxe4 26. Qg3 Qh5 27. a4 Rg5 28.
Rfe1 Bc6 29. Rc1 Rf8 30. Rc2 Rf3 31. gxf3 gxf3 32. Bd4 Rxg3+ 33. fxg3 Bxe5 34.
Bf2 d4 35. b5 Qh3 36. Be3 dxe3 0-1

[Event "Bundesliga 0102"]
[Site "Deutschland"]
[Date "2002.04.14"]
[Round "13.8"]
[White "Van Beers, Eddy"]
[Black "Dirr, Ulrich"]
[Result "1/2-1/2"]
[WhiteElo "2323"]
[BlackElo "2323"]
[PlyCount "121"]
[EventDate "2001.10.06"]
[EventType "team"]
[EventRounds "15"]
[EventCountry "GER"]
[SourceTitle "Bundesliga 0102"]
[Source "DeepChess"]
[SourceDate "2005.01.01"]
[SourceVersion "1"]
[SourceVersionDate "2005.01.01"]
[SourceQuality "1"]
[WhiteTeam "SGEM Heiligenhaus 1937 e. V."]
[BlackTeam "SK Koenig Plauen"]
[WhiteTeamCountry "GER"]
[BlackTeamCountry "GER"]

1. e4 e6 2. d4 d5 3. Nd2 Nf6 4. e5 Nfd7 5. Bd3 c5 6. c3 Nc6 7. Ne2 cxd4 8. cxd4
f6 9. exf6 Qxf6 10. O-O Bd6 11. Nf3 h6 12. Be3 O-O 13. Bc2 Rf7 14. Ng3 Nf8 15.
Qd2 Bd7 16. Nh5 Qd8 17. Bf4 Be8 18. Rad1 Rc8 19. Bb1 Qc7 20. Bxd6 Qxd6 21. Qe3
a5 22. Rfe1 a4 23. Ne5 Nxe5 24. Qxe5 Qxe5 25. Rxe5 Rfc7 26. Nf4 Rc1 27. Ree1
Rxd1 28. Rxd1 b6 29. Kf1 g5 30. Nd3 Bb5 31. Ke2 Ng6 32. Ke3 Nh4 33. Ne1 a3 34.
bxa3 Rc3+ 35. Kd2 Rxa3 36. Rc1 Bc4 37. Rc3 Ra7 38. a3 Rf7 39. f3 Rf4 40. Ke3 e5
41. Rc1 exd4+ 42. Kf2 Rf7 43. Rd1 Kg7 44. Rxd4 Ra7 45. Bd3 Rxa3 46. Bxc4 dxc4
47. Rxc4 Ra2+ 48. Rc2 Rxc2+ 49. Nxc2 Kf6 50. g3 Nf5 51. f4 gxf4 52. gxf4 Ke6
53. Ke2 Kd5 54. Kd3 Nd6 55. Ne3+ Ke6 56. Ng4 h5 57. Ne3 b5 58. Kc3 Nf5 59. Nc2
Nd6 60. Ne3 Nf5 61. Nc2 1/2-1/2

[Event "Bundesliga 0102"]
[Site "Deutschland"]
[Date "2002.04.27"]
[Round "14.1"]
[White "Luther, Thomas"]
[Black "Pajeken, Wolfgang"]
[Result "1/2-1/2"]
[WhiteElo "2604"]
[BlackElo "2339"]
[PlyCount "43"]
[EventDate "2001.10.06"]
[EventType "team"]
[EventRounds "15"]
[EventCountry "GER"]
[SourceTitle "Bundesliga 0102"]
[Source "DeepChess"]
[SourceDate "2005.01.01"]
[SourceVersion "1"]
[SourceVersionDate "2005.01.01"]
[SourceQuality "1"]
[WhiteTeam "Erfurter SK"]
[BlackTeam "SC Koenigsspringer 1984 Hamburg"]
[WhiteTeamCountry "GER"]
[BlackTeamCountry "GER"]

1. e4 e5 2. Nf3 Nc6 3. Bb5 f5 4. d3 fxe4 5. dxe4 Nf6 6. O-O Bc5 7. Nc3 d6 8.
Be3 Bxe3 9. fxe3 Bg4 10. Qd3 a6 11. Bxc6+ bxc6 12. h3 Be6 13. Ng5 Qe7 14. Nxe6
Qxe6 15. Rf2 O-O 16. Raf1 Nd7 17. Rxf8+ Nxf8 18. Na4 a5 19. Qc3 Ra6 20. Qd3 Ra8
21. Qc3 Ra6 22. Qd3 1/2-1/2

[Event "Bundesliga 0102"]
[Site "Deutschland"]
[Date "2002.04.27"]
[Round "14.3"]
[White "Paehtz, Thomas Sr"]
[Black "Trisic, Alexandar"]
[Result "1/2-1/2"]
[WhiteElo "2451"]
[BlackElo "2316"]
[PlyCount "82"]
[EventDate "2001.10.06"]
[EventType "team"]
[EventRounds "15"]
[EventCountry "GER"]
[SourceTitle "Bundesliga 0102"]
[Source "DeepChess"]
[SourceDate "2005.01.01"]
[SourceVersion "1"]
[SourceVersionDate "2005.01.01"]
[SourceQuality "1"]
[WhiteTeam "Erfurter SK"]
[BlackTeam "SC Koenigsspringer 1984 Hamburg"]
[WhiteTeamCountry "GER"]
[BlackTeamCountry "GER"]

1. e4 c5 2. Nf3 d6 3. d4 cxd4 4. Nxd4 Nf6 5. Nc3 a6 6. Bg5 e6 7. f4 Be7 8. Qf3
Qc7 9. O-O-O Nbd7 10. g4 b5 11. a3 Bb7 12. Bxf6 gxf6 13. f5 e5 14. Nde2 Rc8 15.
Ng3 Nb6 16. Bd3 Qc5 17. g5 b4 18. axb4 Qxb4 19. Nh5 fxg5 20. f6 Bf8 21. h4 gxh4
22. Ng7+ Kd8 23. Qh5 Nc4 24. Bxc4 Qxc4 25. Qxe5 Kc7 26. Qf4 Kb8 27. Rxh4 Ka8
28. Qf2 Qc5 29. Qxc5 Rxc5 30. Rdh1 h5 31. Kd2 Rg5 32. Rxh5 Rhxh5 33. Rxh5 Rg2+
34. Kd3 Bxg7 35. fxg7 Rxg7 36. Rh2 Kb8 37. Kd4 Kc7 38. Nd1 Rg4 39. Nf2 Rg3 40.
c4 Rf3 41. Nd3 f5 1/2-1/2

[Event "Bundesliga 0102"]
[Site "Deutschland"]
[Date "2002.04.27"]
[Round "14.4"]
[White "Buhr, Carl Christian"]
[Black "Fontaine, Robert"]
[Result "0-1"]
[WhiteElo "2394"]
[BlackElo "2452"]
[PlyCount "66"]
[EventDate "2001.10.06"]
[EventType "team"]
[EventRounds "15"]
[EventCountry "GER"]
[SourceTitle "Bundesliga 0102"]
[Source "DeepChess"]
[SourceDate "2005.01.01"]
[SourceVersion "1"]
[SourceVersionDate "2005.01.01"]
[SourceQuality "1"]
[WhiteTeam "SC Koenigsspringer 1984 Hamburg"]
[BlackTeam "Erfurter SK"]
[WhiteTeamCountry "GER"]
[BlackTeamCountry "GER"]

1. d4 Nf6 2. Nf3 e6 3. g3 b5 4. a4 b4 5. c4 bxc3 6. bxc3 Ba6 7. Bg2 d5 8. Ne5
Be7 9. O-O O-O 10. c4 c6 11. cxd5 cxd5 12. Nc3 Qa5 13. Bd2 Bb4 14. Qb3 Bxc3 15.
Bxc3 Qb6 16. Qxb6 axb6 17. Rfb1 Rc8 18. Be1 Nc6 19. Nxc6 Rxc6 20. e3 g5 21. Bb4
Bd3 22. Re1 Rc4 23. Be7 Kg7 24. Ra3 Bc2 25. Bf1 Rcxa4 26. Rxa4 Rxa4 27. Rc1 Bf5
28. f3 g4 29. Bxf6+ Kxf6 30. fxg4 Bxg4 31. Rb1 Ra3 32. Kf2 Ra2+ 33. Kg1 Be2 0-1

[Event "Bundesliga 0102"]
[Site "Deutschland"]
[Date "2002.04.27"]
[Round "14.5"]
[White "Votava, Jan"]
[Black "Voigt, Martin"]
[Result "0-1"]
[WhiteElo "2509"]
[BlackElo "2300"]
[PlyCount "52"]
[EventDate "2001.10.06"]
[EventType "team"]
[EventRounds "15"]
[EventCountry "GER"]
[SourceTitle "Bundesliga 0102"]
[Source "DeepChess"]
[SourceDate "2005.01.01"]
[SourceVersion "1"]
[SourceVersionDate "2005.01.01"]
[SourceQuality "1"]
[WhiteTeam "Erfurter SK"]
[BlackTeam "SC Koenigsspringer 1984 Hamburg"]
[WhiteTeamCountry "GER"]
[BlackTeamCountry "GER"]

1. e4 c6 2. d4 d5 3. e5 Bf5 4. c3 e6 5. Be3 Nd7 6. Nd2 Ne7 7. Ngf3 Bg4 8. h3
Bxf3 9. Nxf3 Nf5 10. Bf4 Be7 11. Bd3 h5 12. g3 g6 13. Qd2 c5 14. O-O cxd4 15.
cxd4 Qb6 16. Rac1 Nxd4 17. Nxd4 Qxd4 18. Rc7 Nxe5 19. Bb5+ Kf8 20. Qe2 Bf6 21.
Re1 a6 22. Ba4 Nd3 23. Bd6+ Kg7 24. Bc2 Nxe1 25. Qxe6 Nf3+ 26. Kg2 Ng5 0-1

[Event "Bundesliga 0102"]
[Site "Deutschland"]
[Date "2002.04.27"]
[Round "14.6"]
[White "Von Buelow, Georg"]
[Black "Casper, Thomas"]
[Result "1-0"]
[WhiteElo "2298"]
[BlackElo "2409"]
[PlyCount "47"]
[EventDate "2001.10.06"]
[EventType "team"]
[EventRounds "15"]
[EventCountry "GER"]
[SourceTitle "Bundesliga 0102"]
[Source "DeepChess"]
[SourceDate "2005.01.01"]
[SourceVersion "1"]
[SourceVersionDate "2005.01.01"]
[SourceQuality "1"]
[WhiteTeam "SC Koenigsspringer 1984 Hamburg"]
[BlackTeam "Erfurter SK"]
[WhiteTeamCountry "GER"]
[BlackTeamCountry "GER"]

1. e4 e6 2. d4 d5 3. Nc3 Bb4 4. e5 Ne7 5. a3 Bxc3+ 6. bxc3 c5 7. h4 Qc7 8. h5
h6 9. Nf3 b6 10. Bb5+ Bd7 11. Bd3 Ba4 12. Rh4 cxd4 13. Rxd4 b5 14. Kf1 Nd7 15.
Rg4 Qxc3 16. Rb1 Nxe5 17. Nxe5 Qxe5 18. Bb2 Qxh5 19. Kg1 e5 20. Qe2 d4 21. Re1
Kf8 22. Bxd4 Ng6 23. Qf3 Kg8 24. Rxe5 1-0

[Event "Bundesliga 0102"]
[Site "Deutschland"]
[Date "2002.04.27"]
[Round "14.7"]
[White "Paehtz, Elisabeth"]
[Black "Berger, Steve"]
[Result "1-0"]
[WhiteElo "2390"]
[BlackElo "2311"]
[PlyCount "97"]
[EventDate "2001.10.06"]
[EventType "team"]
[EventRounds "15"]
[EventCountry "GER"]
[SourceTitle "Bundesliga 0102"]
[Source "DeepChess"]
[SourceDate "2005.01.01"]
[SourceVersion "1"]
[SourceVersionDate "2005.01.01"]
[SourceQuality "1"]
[WhiteTeam "Erfurter SK"]
[BlackTeam "SC Koenigsspringer 1984 Hamburg"]
[WhiteTeamCountry "GER"]
[BlackTeamCountry "GER"]

1. e4 c5 2. Nf3 e6 3. d4 cxd4 4. Nxd4 Qb6 5. Nb3 Qc7 6. Nc3 a6 7. Qe2 b5 8. Be3
Nf6 9. f3 Bb7 10. O-O-O Be7 11. g4 h6 12. Bg2 d6 13. Qf2 Nbd7 14. h4 Rc8 15. g5
Ng8 16. f4 b4 17. Na4 Bd8 18. Nd4 Qa5 19. b3 Nc5 20. f5 e5 21. Ne6 Nxa4 22.
Nxg7+ Kd7 23. bxa4 Qxa4 24. f6 Qxa2 25. Bh3+ Kc6 26. Ne8 Bc7 27. Bxc8 Bxc8 28.
Rhg1 Qa1+ 29. Kd2 Qc3+ 30. Ke2 hxg5 31. Nxc7 Kxc7 32. hxg5 a5 33. Kf3 Rh3+ 34.
Rg3 Rh4 35. Qd2 Qc6 36. Qd5 Qxd5 37. Rxd5 Bb7 38. Rxa5 Bxe4+ 39. Ke2 Rh2+ 40.
Bf2 Kd7 41. Rb5 Bxc2 42. Rxb4 Ke6 43. Rb8 Nxf6 44. gxf6 Kxf6 45. Rb6 Ke6 46.
Ra3 Kf5 47. Raa6 e4 48. Rxd6 Ke5 49. Rh6 1-0

[Event "Bundesliga 0102"]
[Site "Deutschland"]
[Date "2002.04.27"]
[Round "14.8"]
[White "Rosmann, Ilja"]
[Black "Brueggemann, Joachim"]
[Result "0-1"]
[WhiteElo "2213"]
[BlackElo "2358"]
[PlyCount "82"]
[EventDate "2001.10.06"]
[EventType "team"]
[EventRounds "15"]
[EventCountry "GER"]
[SourceTitle "Bundesliga 0102"]
[Source "DeepChess"]
[SourceDate "2005.01.01"]
[SourceVersion "1"]
[SourceVersionDate "2005.01.01"]
[SourceQuality "1"]
[WhiteTeam "SC Koenigsspringer 1984 Hamburg"]
[BlackTeam "Erfurter SK"]
[WhiteTeamCountry "GER"]
[BlackTeamCountry "GER"]

1. e4 c5 2. Nf3 Nc6 3. Bb5 e6 4. Bxc6 dxc6 5. O-O Nf6 6. d3 Be7 7. Nc3 h6 8. a4
a5 9. e5 Nd7 10. Qe2 Qc7 11. Re1 b6 12. Nd2 Ba6 13. f4 O-O-O 14. Nf3 Rdg8 15.
Ne4 Kb8 16. b3 f5 17. exf6 gxf6 18. Ng3 Bc8 19. Nh5 Nf8 20. Bb2 Nh7 21. Kh1 Qd8
22. d4 Qd5 23. Ng3 Rxg3 24. hxg3 Rg8 25. c4 Qh5+ 26. Kg1 Rxg3 27. Rad1 Nf8 28.
d5 cxd5 29. cxd5 Bb7 30. Qf2 Rg4 31. dxe6 Ng6 32. Bc1 f5 33. Rd7 Bc6 34. g3 Bh4
35. Nxh4 Qxh4 36. Kf1 Rxg3 37. Re3 Qh1+ 38. Ke2 Rg2 39. Rd8+ Kc7 40. e7 Rxf2+
41. Kxf2 Nxe7 0-1

[Event "Bundesliga 0102"]
[Site "Deutschland"]
[Date "2002.04.27"]
[Round "14.1"]
[White "Dautov, Rustem"]
[Black "Khenkin, Igor"]
[Result "1/2-1/2"]
[WhiteElo "2630"]
[BlackElo "2579"]
[PlyCount "23"]
[EventDate "2001.10.06"]
[EventType "team"]
[EventRounds "15"]
[EventCountry "GER"]
[SourceTitle "Bundesliga 0102"]
[Source "DeepChess"]
[SourceDate "2005.01.01"]
[SourceVersion "1"]
[SourceVersionDate "2005.01.01"]
[SourceQuality "1"]
[WhiteTeam "Godesberger SK 1929"]
[BlackTeam "TV Tegernsee"]
[WhiteTeamCountry "GER"]
[BlackTeamCountry "GER"]

1. d4 Nf6 2. c4 e6 3. Nc3 Bb4 4. Qc2 d5 5. cxd5 exd5 6. Bg5 c5 7. dxc5 h6 8.
Bh4 g5 9. Bg3 Ne4 10. e3 Qa5 11. Rc1 Nd7 12. f3 1/2-1/2

[Event "Bundesliga 0102"]
[Site "Deutschland"]
[Date "2002.04.27"]
[Round "14.2"]
[White "Ribli, Zoltan"]
[Black "Kengis, Edvins"]
[Result "1/2-1/2"]
[WhiteElo "2564"]
[BlackElo "2572"]
[PlyCount "64"]
[EventDate "2001.10.06"]
[EventType "team"]
[EventRounds "15"]
[EventCountry "GER"]
[SourceTitle "Bundesliga 0102"]
[Source "DeepChess"]
[SourceDate "2005.01.01"]
[SourceVersion "1"]
[SourceVersionDate "2005.01.01"]
[SourceQuality "1"]
[WhiteTeam "TV Tegernsee"]
[BlackTeam "Godesberger SK 1929"]
[WhiteTeamCountry "GER"]
[BlackTeamCountry "GER"]

1. Nf3 b6 2. e4 Bb7 3. Nc3 e6 4. d4 Bb4 5. Bd3 Nf6 6. Bg5 h6 7. Bxf6 Qxf6 8.
O-O Bxc3 9. bxc3 Nc6 10. Qe2 Qe7 11. a4 O-O 12. Nd2 Rae8 13. f4 f5 14. Rae1 Qf7
15. Qf2 Ne7 16. c4 fxe4 17. Nxe4 Nf5 18. c3 Qe7 19. Qe2 Qd8 20. Ng3 g6 21. Ne4
d5 22. Nd2 c5 23. cxd5 cxd4 24. dxe6 dxc3 25. Nf3 Qf6 26. Bxf5 Qxf5 27. e7 Rf7
28. Ne5 Rfxe7 29. Qc4+ Kh7 30. Qxc3 Rc8 31. Qb4 Rg7 32. Rf2 Rc2 1/2-1/2

[Event "Bundesliga 0102"]
[Site "Deutschland"]
[Date "2002.04.27"]
[Round "14.3"]
[White "Kveinys, Aloyzas"]
[Black "Sokolov, Andrei"]
[Result "1/2-1/2"]
[WhiteElo "2535"]
[BlackElo "2604"]
[PlyCount "59"]
[EventDate "2001.10.06"]
[EventType "team"]
[EventRounds "15"]
[EventCountry "GER"]
[SourceTitle "Bundesliga 0102"]
[Source "DeepChess"]
[SourceDate "2005.01.01"]
[SourceVersion "1"]
[SourceVersionDate "2005.01.01"]
[SourceQuality "1"]
[WhiteTeam "Godesberger SK 1929"]
[BlackTeam "TV Tegernsee"]
[WhiteTeamCountry "GER"]
[BlackTeamCountry "GER"]

1. d4 Nf6 2. Nf3 e6 3. Bf4 c5 4. e3 Nc6 5. Nbd2 d5 6. c3 Bd6 7. Bg3 Bxg3 8.
hxg3 Qd6 9. Bd3 e5 10. Bb5 exd4 11. exd4 O-O 12. O-O cxd4 13. cxd4 Bg4 14. Qa4
Bxf3 15. Nxf3 Nd8 16. Bd3 Ne6 17. Qb3 Rfe8 18. Rfe1 g6 19. Re2 Re7 20. Rc1 Rae8
21. a3 a6 22. a4 Kg7 23. a5 Rc7 24. Rc3 Rec8 25. Rec2 Qd8 26. Qb4 Ne4 27. Rxc7
Rxc7 28. Rxc7 Qxc7 29. Bxe4 dxe4 30. d5 1/2-1/2

[Event "Bundesliga 0102"]
[Site "Deutschland"]
[Date "2002.04.27"]
[Round "14.4"]
[White "Hertneck, Gerald"]
[Black "Langheinrich, Ferenc"]
[Result "0-1"]
[WhiteElo "2572"]
[BlackElo "2398"]
[PlyCount "80"]
[EventDate "2001.10.06"]
[EventType "team"]
[EventRounds "15"]
[EventCountry "GER"]
[SourceTitle "Bundesliga 0102"]
[Source "DeepChess"]
[SourceDate "2005.01.01"]
[SourceVersion "1"]
[SourceVersionDate "2005.01.01"]
[SourceQuality "1"]
[WhiteTeam "TV Tegernsee"]
[BlackTeam "Godesberger SK 1929"]
[WhiteTeamCountry "GER"]
[BlackTeamCountry "GER"]

1. d4 Nf6 2. c4 g6 3. Nc3 Bg7 4. e4 d6 5. Be2 O-O 6. Nf3 e5 7. O-O Nc6 8. d5
Ne7 9. Ne1 Ne8 10. Nd3 f5 11. f3 f4 12. b4 h5 13. a4 g5 14. Ba3 Rf6 15. Kf2 c6
16. Ke1 cxd5 17. cxd5 Bd7 18. Rc1 Rg6 19. h3 g4 20. hxg4 hxg4 21. fxg4 Bf6 22.
Rh1 Kg7 23. Bf3 Ng8 24. Ne2 Nh6 25. Nexf4 exf4 26. Nxf4 Be5 27. Nxg6 Kxg6 28.
Qd2 Nf7 29. Bb2 Qf6 30. Bxe5 Qxe5 31. Qc3 Qg3+ 32. Ke2 Nf6 33. Rh3 Qf4 34. Qe3
Qe5 35. Rc7 Re8 36. Rxb7 Nxd5 37. Qxa7 Nf4+ 38. Kf2 Nxh3+ 39. gxh3 Ng5 40. Rxd7
Rf8 0-1